| 000 | 00496nam a2200205Ia 4500 | ||
|---|---|---|---|
| 003 | OSt | ||
| 005 | 20230517164026.0 | ||
| 008 | 210423s2010 xx 000 0 und d | ||
| 040 | _cAL | ||
| 041 | _aeng | ||
| 082 |
_a641.4 MODF _223 |
||
| 100 |
_aMODI (H A) _9107350 |
||
| 245 | _aFood preservation | ||
| 260 |
_aJaipur _bAavishkar Publishers _c2010 |
||
| 300 |
_a208 _bPB |
||
| 365 |
_b650 _cINR |
||
| 650 |
_aFood Preservation _9107351 |
||
| 906 | _aFood ; preservation | ||
| 942 |
_2ddc _cBK |
||
| 999 |
_c164962 _d164962 |
||